[Event "EU-chT Seniors 50"]
[Site "Dresden"]
[Date "2022.11.04"]
[Round "9.4"]
[White "Tarling, Ray"]
[Black "Lagunow, Alexander"]
[Result "1/2-1/2"]
[WhiteElo "1791"]
[BlackElo "2360"]
[PlyCount "85"]
[EventDate "2022.10.27"]
[EventType "team-swiss"]
[EventRounds "9"]
[EventCountry "GER"]
[SourceTitle "EXT 2024"]
[Source "ChessBase"]
[SourceDate "2023.10.10"]
[SourceVersion "1"]
[SourceVersionDate "2023.10.10"]
[SourceQuality "1"]
[WhiteTeam "England 50 III"]
[BlackTeam "Berlin 50"]
[WhiteTeamCountry "ENG"]
[BlackTeamCountry "GER"]

1. e4 c5 2. c3 Nf6 3. e5 Nd5 4. d4 cxd4 5. Nf3 e6 6. cxd4 d6 7. Bc4 Nc6 8. 0-0 Be7 9. Qe2 0-0 10. Nc3 dxe5 11. dxe5 Nxc3 12. bxc3 Qa5 13. a4 Rd8 14. Ra2 Bd7 15. Qe4 Be8 16. Bd3 g6 17. Bd2 Qd5 18. Bb1 Rac8 19. Qe3 Bf8 20. Re1 b6 21. Ng5 h6 22. Ne4 Qxe5 23. Qf3 Be7 24. Bf4 Qg7 25. Rae2 e5 26. Bc1 f5 27. Ba2+ Kh7 28. Ng3 e4 29. Nxe4 fxe4 30. Rxe4 Bf6 31. Bxh6 Rd3 32. Bxg7 Rxf3 33. gxf3 Kxg7 34. Rxe8 Rc7 35. f4 Ne7 36. Re3 Nf5 37. Rg8+ Kh7 38. Rh3+ Nh6 39. Rf8 Bg7 40. Bg8+ Kh8 41. Ra8 Re7 42. Be6+ Kh7 43. Bg8+ 1/2-1/2